Çağlar boyu Quidditch / (Record no. 21399)
[ view plain ]
| 000 -BAŞLIK | |
|---|---|
| Sabit Uzunluktaki Kontrol Alanı | 00607nam a22001937a 4500 |
| 003 - KONTROL NUMARASI KİMLİĞİ | |
| Kontrol Alanı | koha_MIRAKIL |
| 005 - EN SON İŞLEM TARİHİ ve ZAMANI | |
| Kontrol Alanı | 20250114111611.0 |
| 008 - SABİT UZUNLUKTAKİ VERİ ÖGELERİ - GENEL BİLGİ | |
| Sabit Alan | 250114b |||||||| |||| 00| 0 ||| d |
| 020 ## - ISBN - ULUSLARARASI STANDART KİTAP NUMARASI | |
| Isbn | 9789750842726 |
| 040 ## - KATALOGLAMA KAYNAĞI | |
| Özgün Kataloglama Kurumu | TR-IsEVY |
| Kataloglama Dili | tur |
| Çeviri Kurumu | TR-IsEVY |
| 082 ## - DEWEY ONU SINIFLAMA SİSTEMİ | |
| Sınıflama Numarası | 398.2 ROW/Ç |
| 100 ## - KİŞİ ADI | |
| Yazar Adı (Kişi adı) | Rowling, J.K. |
| 245 #0 - ESER ADI BİLDİRİMİ | |
| Başlık | Çağlar boyu Quidditch / |
| Sorumluluk Bildirimi | J.K. Rowling. |
| 260 ## - YAYIN, DAĞITIM, VB. | |
| Yayın Yeri | İstanbul : |
| Yayınevi | Yapı Kredi Kültür Sanat Yayıncılık, |
| Yayın Tarihi | 2018. |
| 300 ## - FİZİKSEL TANIMLAMA | |
| Sayfa, Cilt vb. | 129 s. : |
| Diğer fiziki detaylar | resimli ; |
| Boyutları | 21 cm. |
| 650 ## - KONU BAŞLIĞI EK GİRİŞ - KONU TERİMİ | |
| Konusal terim veya coğrafi ad | Children's literature -- Tales. |
| 650 ## - KONU BAŞLIĞI EK GİRİŞ - KONU TERİMİ | |
| Konusal terim veya coğrafi ad | Çocuk edebiyatı -- Masal. |
| Alt başlık biçimi | Fantastik Kitaplar. |
| 942 ## - EK GİRİŞ ÖGELERİ (KOHA) | |
| Source of classification or shelving scheme | Dewey Decimal Classification |
| Koha item type | Kitap |
| Kayıp Durumu | Sınıflandırma Kaynağı | Hasarlı Durumu | Koleksiyon Kodu | Kalıcı Konum | Mevcut Konum | Kayıt Tarih | Edinim Kaynağı | Toplam Ödünçverme | Yer Numarası | Demirbaş Numarası | Son Görülme Tarihi | Son Kontrol Tarihi | Fatura Tarihi | Materyal Türü |
|---|---|---|---|---|---|---|---|---|---|---|---|---|---|---|
| Dewey Decimal Classification | İlkokul | İLKOKUL KÜTÜPHANESİ | İLKOKUL KÜTÜPHANESİ | 14/01/2025 | Bağış | 2 | 398.2 ROW/Ç | 22661 | 28/03/2025 | 17/03/2025 | 14/01/2025 | Kitap |
